DISCERNMENT AND INTROSPECTION : (Record no. 213153)

MARC details
000 -LEADER
fixed length control field 00619nam a22001817a 4500
005 - DATE AND TIME OF LATEST TRANSACTION
control field 20250825151312.0
010 ## - LCCN (DPL NO)
LC control number ENG-146503
020 ## - INTERNATIONAL STANDARD BOOK NUMBER
International Standard Book Number 9789391878696
Terms of availability 350.00
035 ## - SYSTEM CONTROL NUMBER
System control number EN-130035
037 ## - SOURCE OF ACQUISITION
Source of stock number/acquisition DBAD
082 ## - DEWEY DECIMAL CLASSIFICATION NUMBER
Classification number 388.095451
100 ## - MAIN ENTRY--PERSONAL NAME
Personal name Chandra, Phukan Khagen
245 ## - TITLE STATEMENT
Title DISCERNMENT AND INTROSPECTION :
Remainder of title HISTORY AND POLITY OF THE AHOM/
Statement of responsibility, etc Phukan Khagen Chandra
260 ## - PUBLICATION, DISTRIBUTION, ETC. (IMPRINT)
Place of publication, distribution, etc Guwahati
Name of publisher, distributor, etc Purbanchal Prakash
Date of publication, distribution, etc 2022
270 ## - ADDRESS
Address H.No.-2, Sewjee Path, Dr. B.N. Saikia Path, Wireless, Guwahati-781006
City Guwahati
300 ## - PHYSICAL DESCRIPTION
Extent 149p.
Dimensions 22cm.(Hb)
942 ## - ADDED ENTRY ELEMENTS (KOHA)
Source of classification or shelving scheme Dewey Decimal Classification
Item type English Books
Classification part 388.095451
Call number suffix PHU
Holdings
Withdrawn status Lost status Not for loan Collection code Home library Current library Date acquired Source of acquisition Cost, normal purchase price Full call number Barcode Copy number Cost, replacement price Koha item type
      Non-fiction Patel Nagar Patel Nagar 25/08/2025 Delivery of Books Act Division 350.00 388.095451 PHU EN-130035 1 350.00 English Books

© Delhi Public Library
Hit Counter
free hit counter